| 000 | 00925nac a22003017a 4500 | ||
|---|---|---|---|
| 001 | BR0300163 | ||
| 003 | BR-BrBNA | ||
| 005 | 20240105122728.0 | ||
| 008 | 230509b bl.|||m| |||| 00| 0 por d | ||
| 040 |
_aBR-BrBNA _bpor _cBiblioteca Nacional de Agricultura |
||
| 072 | _aH10 | ||
| 090 | _a1000 BR0300163 | ||
| 100 | 1 | _aOliveira, M.R.V. de | |
| 100 | 1 | _aSilva, C.C.A. da | |
| 100 | 1 | _aNávia, D. | |
| 110 | 1 |
_aMinistério da Agricultura, Pecuária e Abastecimento, Brasília, DF (Brasil) _96897 |
|
| 245 | 1 | _aMosca negra dos citros - Aleurocanthus woglumi Ashby | |
| 260 | 3 |
_aBrasília, DF (Brasil): _c2001. |
|
| 300 | _a12 p. | ||
| 490 |
_aAlerta Qarentenário (Brazil) _v _xISSN |
||
| 500 | _a5 illus.; 12 ref. | ||
| 650 | _aFRUTA CÍTRICA | ||
| 650 | _aMOSCA | ||
| 650 | _aCONTROLE BIOLÓGICO | ||
| 650 | _aCONTROLE QUÍMICO | ||
| 909 |
_a202312 _bLúcia Elande _c55 _dLúcia Elande |
||
| 942 |
_2AGRIS _n0 _cMS |
||
| 999 |
_c292542 _d292542 |
||